Statistiques concernant Pays ayant les envois de fonds les plus élevés

Cliquez ici pour prendre le quiz!

Statistiques générales

  • Ce quiz a été pris 29 fois
  • Le résultat moyen est 9 sur 20

Statistiques - réponses

$ mdpays% Correct
43,5Chine
90%
64,0Inde
83%
11,3France
79%
25,4Mexique
79%
17,7Égypte
72%
6,8Maroc
72%
19,3Pakistan
69%
5,1Indonésie
59%
9,9Espagne
52%
4,6Colombie
45%
20,0Nigeria
41%
29,6Philippines
41%
15,3Bangladesh
34%
5,2Ukraine
31%
6,5Guatemala
24%
6,7Népal
21%
6,0Belgique
14%
6,1Sri Lanka
14%
4,8Jordanie
7%
4,6République dominicaine
0%

Distribution des résultats

Percentile par nombre de réponses

% des personnes avec chaque résultat

Votre développement - résultats

Vous n’avez pas pris ce quiz